000 00390nam a2200145Ia 4500
008 211109s9999||||xx |||||||||||||| ||und||
082 _a530
_bSPT-U
100 _aS P Tripathi,
245 0 _aUpkar`s Cpmt Physics
260 _bUPKAR PRAKASHAN
_aAGRA
_c1900
300 _a250p.
630 _xGeneral stack
650 _aNATURAL SCIENCES & MATHEMATICS
_vPHYSICSGeneralia250p.
942 _cBOOK
999 _c52660
_d52660